000 00753nam a2200193Ii 4500
003 JO-AjNU
008 230605s9999||||xx |||||||||||||| ||und||
040 _aJO-AjNU
_bara
_erda
_cJO-AjNU
041 _aara
050 1 4 _aHA29.5.A7.F37641.1982
100 3 _aاحمد، فاروق عبد العظيم ، م.مشارك: مختار محمود الهانسي،امتثال محمد حسن,
_eauthor
_938894
245 0 0 _aالاحصاء
264 3 1 _aالاسكندرية:دار المطبوعات الجامعية،1982
300 _a340ص
_bيحتوي على جداول احصائية من ص 319-340ص
336 _atext
_btxt
_2rdacontent
337 _aunmediated
_bn
_2rdamedia
338 _avolume
_bnc
_2rdacarrier
650 4 _aالاحصاء
_938895
999 _aA16381
_c19949
_d19949